000 00827nam a22002417a 4500
001 46503
003 UA-OsUOA
005 20230206120223.0
007 ta
008 20120227b un ||||| |||| 00| 0 ukr d
040 _aUA-OsUOA
_bukr
_cUA-OsUOA
_dUA-OsUOA
041 _aukr
080 _a82(477)
090 _a82(477)
_bТ28
245 _aТворчість Яра Славутича
_bстатті і рецензії
_cупор. В. Жила
260 _aЕдмонтон
_bВидання Ювілейного комітету
_c1978
300 _a431 с.
650 7 _a82 Література. Літературознавство
_2UDC
942 _cBK
_2udc
955 _a4
999 _c426574
_d426574